[Event "ESP-ch U16"]
[Site "Salobrena"]
[Date "2015.07.20"]
[Round "1"]
[White "Palenciano Escolar, Adrian"]
[Black "Garcia Lopez, Alejandro"]
[Result "1-0"]
[WhiteElo "2108"]
[BlackElo "1740"]
[PlyCount "64"]
[EventDate "2015.07.20"]
[EventType "swiss"]
[EventRounds "9"]
[EventCountry "ESP"]
[SourceTitle "EXT 2016"]
[Source "ChessBase"]
[SourceDate "2015.10.08"]
[SourceVersion "1"]
[SourceVersionDate "2015.10.08"]
[SourceQuality "1"]

1. e4 e6 2. d4 d5 3. Nd2 Nf6 4. e5 Nfd7 5. Bd3 c5 6. c3 Nc6 7. Ne2 cxd4 8. cxd4 f6 9. exf6 Nxf6 10. Nf3 Bd6 11. 0-0 0-0 12. Bg5 Qe8 13. Ng3 Bxg3 14. hxg3 Qh5 15. Bxf6 Rxf6 16. Ne5 Qxd1 17. Rfxd1 Nxe5 18. dxe5 Rf7 19. f3 Bd7 20. Rac1 Bc6 21. Kf2 Rc8 22. Rd2 Rff8 23. Rdc2 Bd7 24. Ke3 g6 25. Kd4 Kf7 26. Rc7 Ke7 27. Bb5 Rfd8 28. Rxd7+ Rxd7 29. Rxc8 Rd8 30. Ba6 b6 31. Rc7+ Ke8 32. Bf1 Ra8 1-0

[Event "Almeria Indalo op"]
[Site "Almeria"]
[Date "2015.02.27"]
[Round "2"]
[White "Suarez Roa, Jose Francisco"]
[Black "Garcia Lopez, Alejandro"]
[Result "1-0"]
[WhiteElo "2129"]
[BlackElo "1813"]
[PlyCount "41"]
[EventDate "2015.02.27"]
[EventType "swiss"]
[EventRounds "7"]
[EventCountry "ESP"]
[SourceTitle "CBM 165 Extra"]
[Source "ChessBase"]
[SourceDate "2015.04.21"]
[SourceVersion "1"]
[SourceVersionDate "2015.04.21"]
[SourceQuality "1"]

1. e4 e6 2. Qe2 d5 3. exd5 Qxd5 4. Nc3 Qd8 5. Nf3 Nc6 6. d4 Nf6 7. Bg5 Be7 8. Rd1 0-0 9. g3 Re8 10. Bg2 h6 11. Bc1 Bd6 12. 0-0 Nd5 13. Nb5 Nce7 14. c4 Nf6 15. c5 Bxg3 16. hxg3 b6 17. Ne5 Nfd5 18. Nc3 a5 19. Rfe1 f6 20. Nxd5 exd5 21. Nc6 1-0

[Event "Andalucia-ch U16"]
[Site "Huelva"]
[Date "2014.04.27"]
[Round "8.10"]
[White "Cortes Cabeza, Cameron"]
[Black "Garcia Lopez, Alejandro"]
[Result "1-0"]
[WhiteElo "1704"]
[BlackElo "1337"]
[PlyCount "42"]
[EventDate "2014.04.25"]
[EventType "swiss"]
[EventRounds "9"]
[EventCountry "ESP"]
[SourceTitle "EXT 2024"]
[Source "ChessBase"]
[SourceDate "2023.10.10"]
[SourceVersion "1"]
[SourceVersionDate "2023.10.10"]
[SourceQuality "1"]

1. e4 e6 2. d4 d5 3. Nd2 c5 4. c3 Nc6 5. Ngf3 Qb6 6. exd5 exd5 7. Nb3 c4 8. Nbd2 Nf6 9. Be2 Bd6 10. 0-0 0-0 11. b3 cxb3 12. axb3 Bf5 13. Re1 Rfe8 14. Nh4 Be4 15. f3 Bg6 16. Nxg6 fxg6 17. Nf1 Rac8 18. Be3 Qc7 19. c4 b6 20. cxd5 Nxd5 21. Bc4 Nce7 1-0

[Event "Andalucia-ch U12 1011"]
[Site "Almeria"]
[Date "2011.03.25"]
[Round "2.9"]
[White "Martin Carmona, Gaston Manuel"]
[Black "Garcia Lopez, Alejandro"]
[Result "1-0"]
[WhiteElo "1800"]
[BlackElo "1340"]
[PlyCount "57"]
[EventDate "2011.03.25"]
[EventType "swiss"]
[EventRounds "9"]
[EventCountry "ESP"]
[SourceTitle "EXT 2024"]
[Source "ChessBase"]
[SourceDate "2023.10.10"]
[SourceVersion "1"]
[SourceVersionDate "2023.10.10"]
[SourceQuality "1"]

1. e4 e5 2. Nf3 Nc6 3. Bc4 Bc5 4. c3 Nf6 5. d4 exd4 6. cxd4 Bb4+ 7. Bd2 Bxd2+ 8. Nbxd2 0-0 9. e5 Re8 10. 0-0 Nh5 11. Re1 d5 12. exd6 Rxe1+ 13. Qxe1 cxd6 14. Ng5 Kf8 15. Bxf7 Bf5 16. Ndf3 Nxd4 17. Bxh5 Nc2 18. Ne6+ Bxe6 19. Qxe6 Qc7 20. Ng5 g6 21. Qf6+ Kg8 22. Bxg6 hxg6 23. Qxg6+ Kf8 24. Ne6+ Ke7 25. Nxc7 Rf8 26. Qe6+ Kd8 27. Qxd6+ Kc8 28. Ne6 Nxa1 29. Qc7# 1-0